| Поле | Название | Значение |
| |
Тип записи |
a |
| |
Библиографический уровень |
m |
| 001 |
Контрольный номер |
RU/IS/BASE/542469779 |
| 005 |
Дата корректировки |
20240209174714.8 |
| 010 |
Индекс ISBN |
__ |
| a |
ISBN |
5-85255-148-1 |
| b |
Уточнения |
в пер. |
| d |
Цена |
60 р. 00 к. |
| 9 |
Тираж |
10 000 экз. |
| 100 |
Данные общей обработки |
__ |
| a |
Данные общей обработки |
20170310d2017 ||| 0rusy0189 ca |
| 101 |
Язык документа |
0_ |
| a |
Язык текста |
rus |
| 102 |
Страна публикации |
__ |
| a |
Страна публикации |
RU |
| 105 |
Кодированные данные (монография) |
__ |
| a |
Кодированные данные (монография) |
y###||||000|y |
| 200 |
Заглавие и сведения об ответственности |
1_ |
| a |
Заглавие |
Горбачев - Ельцин. 1500 дней политического противостояния |
| b |
Общее обозначение материала |
Текст |
| e |
Сведения, относящиеся к заглавию |
[cборник] |
| g |
Последующие сведения об ответственности |
Российский независимый институт социальных и национальных проблем |
| g |
Последующие сведения об ответственности |
Центр политической и экономической истории России |
| g |
Последующие сведения об ответственности |
сост. Л. Н. Доброхотов |
| g |
Последующие сведения об ответственности |
предисл. и послесл. М. К. Горшкова, Л. Н. Доброхотова |
| 210 |
Выходные данные |
1_ |
| a |
Место издания |
Москва |
| c |
Издательство |
ТЕРРА |
| d |
Дата издания |
1992 |
| 215 |
Физическое описание |
__ |
| a |
Объем |
463, [1] с. |
| d |
Формат |
20,5 см. |
| 300 |
Общие примечания |
__ |
| a |
Общие примечания |
Ограничения по возрасту - 16+ |
| 300 |
Общие примечания |
__ |
| a |
Общие примечания |
Под инв. номером 42078: 4с-1, 9н-1, 18-1 |
| 600 |
Персоналии |
_0 |
| a |
Персоналии (Фамилия) |
Ельцин |
| b |
Персоналии (Имя, инициалы) |
Б. Н. |
| 600 |
Персоналии |
_0 |
| a |
Персоналии (Фамилия) |
Горбачев |
| b |
Персоналии (Имя, инициалы) |
М. С. |
| 606 |
Тематические рубрики |
0_ |
| a |
Основная рубрика |
Политические отношения |
| 610 |
Ключевые слова |
0_ |
| a |
Ключевые слова |
деятели государственные |
| a |
Ключевые слова |
деятели партийные |
| a |
Ключевые слова |
внутренняя политика |
| 686 |
Индексы других классификаций |
__ |
| a |
Классификационный индекс |
66.3(Рос)6 |
| 2 |
Код системы |
ББК |
| 801 |
Источник записи |
_0 |
| a |
Страна |
RU |
| b |
Организация |
МБУК ЦБС |
| c |
Дата составления |
20170310 |
| g |
Правила каталогизации |
RCR |
| 801 |
Источник записи |
_1 |
| a |
Страна |
RU |
| b |
Организация |
МБУК ЦБС г. Ульяновска |
| c |
Дата составления |
20170310 |
| g |
Правила каталогизации |
RCR |
| 899 |
Данные о местонахождении |
__ |
| i |
Авторский знак |
Г 67 |
| j |
Расстановочный фильтр |
66.3(Рос)6 |
| 901 |
Тип документа |
__ |
| t |
Тип документа |
m |
| 910 |
Корректоры записи |
__ |
| a |
Корректор записи |
Хисамова |